00334nam a2200109Ia 4500008004000000082001900040100002700059245005900086260003600145300001000181650003300191210210b1968 xxu||||| |||| 00| 0 eng d a343.07752 INDC aINDIA (Government of). aCommittee on public undertaking 1967-68: tenth report. aNDbLok Sabha secretariatc1968 av,120 aCoal development corporation